E-Business / (Record no. 17389)
[ view plain ]
| 000 -LEADER | |
|---|---|
| fixed length control field | 00854nam a22002778a 4500 |
| 001 - CONTROL NUMBER | |
| control field | 016039335 |
| 003 - CONTROL NUMBER IDENTIFIER | |
| control field | OSt |
| 005 - DATE AND TIME OF LATEST TRANSACTION | |
| control field | 20201128020947.0 |
| 008 - FIXED-LENGTH DATA ELEMENTS--GENERAL INFORMATION | |
| fixed length control field | 120223t2013 at a frbd 001 0 eng d |
| 020 ## - INTERNATIONAL STANDARD BOOK NUMBER | |
| International Standard Book Number | 1133526845 (pbk.) |
| 020 ## - INTERNATIONAL STANDARD BOOK NUMBER | |
| International Standard Book Number | 9781133526841 (pbk.) |
| 040 ## - CATALOGING SOURCE | |
| Original cataloging agency | EG-ScBUE |
| 082 00 - DEWEY DECIMAL CLASSIFICATION NUMBER | |
| Classification number | 658.054678 |
| Edition number | 23 |
| Item number | SCH |
| 100 1# - MAIN ENTRY--PERSONAL NAME | |
| Personal name | Schneider, Gary P., |
| Dates associated with a name | 1952- |
| 9 (RLIN) | 11950 |
| 245 10 - TITLE STATEMENT | |
| Title | E-Business / |
| Statement of responsibility, etc | Gary P. Schneider. |
| 250 ## - EDITION STATEMENT | |
| Edition statement | 10th ed., International ed. |
| 260 ## - PUBLICATION, DISTRIBUTION, ETC. (IMPRINT) | |
| Place of publication, distribution, etc | [Canberra] : |
| Name of publisher, distributor, etc | Course Technology, Cengage Learning, |
| Date of publication, distribution, etc | c.2013. |
| 300 ## - PHYSICAL DESCRIPTION | |
| Extent | xxiii, 582 p. : |
| Other physical details | ill. (col.) ; |
| Dimensions | 25 cm. |
| 500 ## - GENERAL NOTE | |
| General note | Glossary : p. 527-557. |
| 500 ## - GENERAL NOTE | |
| General note | Index : p. 559-582. |
| 504 ## - BIBLIOGRAPHY, ETC. NOTE | |
| Bibliography, etc | Includes bibliographical references. |
| 650 #0 - SUBJECT ADDED ENTRY--TOPICAL TERM | |
| Topical term or geographic name as entry element | Electronic commerce. |
| 9 (RLIN) | 1169 |
| 653 ## - INDEX TERM--UNCONTROLLED | |
| Resource For college | BAEPS, Business Administration |
| Arrived date list | March2013 |
| -- | March2015 |
| 655 ## - INDEX TERM--GENRE/FORM | |
| Form subdivision | |
| -- | 33728 |
| 942 ## - ADDED ENTRY ELEMENTS (KOHA) | |
| Source of classification or shelving scheme | Dewey Decimal Classification |
| Item type | Book - Borrowing |
| Withdrawn status | Item status | Source of classification or shelving scheme | Damaged status | Not for loan | Vendor | Home library | Current library | Shelving location | Date acquired | Source of acquisition | Total Checkouts | Full call number | Barcode | Date last seen | Date last borrowed | Koha item type | Total Renewals | Cost, normal purchase price | Cost, replacement price |
|---|---|---|---|---|---|---|---|---|---|---|---|---|---|---|---|---|---|---|---|
| Dewey Decimal Classification | Baccah | Central Library | Central Library | First floor | 21/03/2013 | 3 | 658.054678 SCH | 000028584 | 15/07/2025 | 21/04/2013 | NB - Book (Non borrowing) | ||||||||
| Dewey Decimal Classification | Baccah | Central Library | Central Library | First floor | 21/03/2013 | 15 | 658.054678 SCH | 000028585 | 15/07/2025 | 20/02/2017 | Book - Borrowing | 35 | |||||||
| Dewey Decimal Classification | Baccah | Central Library | Central Library | First floor | 21/03/2013 | 7 | 658.054678 SCH | 000028586 | 15/07/2025 | 09/05/2019 | Book - Borrowing | 36 | |||||||
| Dewey Decimal Classification | Baccah | Central Library | Central Library | First floor | 21/03/2013 | 8 | 658.054678 SCH | 000028587 | 15/07/2025 | 13/01/2016 | Book - Borrowing | 33 | |||||||
| Dewey Decimal Classification | Baccah | Central Library | Central Library | First floor | 21/03/2013 | 7 | 658.054678 SCH | 000028588 | 15/07/2025 | 17/02/2015 | Book - Borrowing | 21 | |||||||
| Dewey Decimal Classification | Baccah | Central Library | Central Library | First floor | 21/03/2013 | 13 | 658.054678 SCH | 000028589 | 15/07/2025 | 02/03/2020 | Book - Borrowing | 49 | |||||||
| Dewey Decimal Classification | Baccah | Central Library | Central Library | First floor | 21/03/2013 | 7 | 658.054678 SCH | 000028590 | 15/07/2025 | 09/02/2015 | Book - Borrowing | 33 | |||||||
| Dewey Decimal Classification | Baccah | Central Library | Central Library | First floor | 21/03/2013 | 14 | 658.054678 SCH | 000028591 | 15/07/2025 | 26/02/2019 | Book - Borrowing | 44 | |||||||
| Dewey Decimal Classification | Baccah | Central Library | Central Library | First floor | 21/03/2013 | 9 | 658.054678 SCH | 000028592 | 15/07/2025 | 17/02/2019 | Book - Borrowing | 29 | 270.00 | 337.50 | |||||
| Dewey Decimal Classification | Baccah | Central Library | Central Library | First floor | 25/03/2015 | 4 | 658.054678 SCH | 000037808 | 15/07/2025 | 07/05/2017 | Book - Borrowing | 9 | 270.00 | 337.50 |